000 00871am a2200301a 44500
003 AR-BaBNM
005 20251128203455.0
008 047019s1966 #AR|||||||||||000 | spa||
040 _cAR-BaBNM
100 1 _aAlberdi, Juan Bautista
245 1 0 _aBases y puntos de partida para la organización política de la República Argentina
260 _aBuenos Aires
_bEudeba
_c1966
300 _a240 p.
490 0 _aSiglo y medio
_vv. 115
650 4 _aHISTORIA POLITICA
650 4 _aORGANIZACION NACIONAL
650 4 _aCONSTITUCIONES
650 4 _aACUERDO DE SAN NICOLAS
650 4 _aCONFEDERACION ARGENTINA
650 4 _aHISTORIA CONSTITUCIONAL
650 4 _aHISTORIA DE LAS IDEAS
650 4 _aCIENCIAS POLITICAS
650 4 _aDERECHO
651 4 _aArgentina
700 1 _aLinares Quintana, Segundo V.
_eprologuista
942 _cBK
998 _cmariana
999 _c3550
_d3550